Mi primera enciclopedia / (Registro nro. 8298)

Detalles MARC
000 -LIDER
fixed length control field 01677nam a22004457a 4500
001 - NÚMERO DE CONTROL
Identificador de número de control 0022
003 - IDENTIFICACDOR DE NÚMERO DE CONTROL
control field DO-SdBNP
005 - DATE AND TIME OF LATEST TRANSACTION
control field 20240708115813.0
007 - CAMPOS FIJOS DE DESCRIPCIÓN FÍSICA
fixed length control field 0022
008 - ELEMENTOS DE LONGITUD FIJA
fixed length control field 150929b 2011 sp ac || 00| 0 spa d
020 ## - ISBN
International Standard Book Number 9788449433726 (obra completa)
020 ## - ISBN
International Standard Book Number 9788449433733 (v. 1)
020 ## - ISBN
International Standard Book Number 9788449433740 (v. 2)
020 ## - ISBN
International Standard Book Number 9788449433757 (v. 3)
020 ## - ISBN
International Standard Book Number 9788449433764 (v. 4)
040 ## - FUENTE DE CATALOGACIÓN
Agencia que crea de manera original el registro BPMSU
Idioma de catalogación spa
Agencia que realiza la transcripción BPMSU
082 #4 - NÚMERO DE CLASIFICACIÓN DECIMAL DE DEWEY
Classification number R036.1
Item number M618p 2011
Edition number 22
245 00 - MENCIÓN DE TITULO
Título Mi primera enciclopedia /
Mención de responsabilidad María Ángeles Arregui Sierra...[et al.] ; dirección Carlos de Gispert ; ilustraciones Comic Up, Silvia Pia, Montserrat Nieto
Subtítulo
260 ## - PUBLICACIÓN, DISTRIBUCIÓN, ETC. (PIE DE IMPRENTA)
Lugar de publicación, distribución, etc España;
Nombre del editor, distribuidor, etc. Océano,
Fecha de publicación, distribución, etc 2011.
300 ## - DESCRIPCIÓN FÍSICA
Extensión 4 v.
Otros detalles físicos il., retrs.
Dimensiones 29 cm.
490 0# - MENCIÓN DE SERIES
Mención de serie Crecer y aprender con Disney
500 ## - NOTA GENERAL
Nota general Incluye personajes de tus películas Disney, Pixar favoritas.
505 0# - NOTA DE CONTENIDO
Información miscelánea v. 1 :
Título El cuerpo y la salud --
-- El universo y la tierra--
505 #0 - NOTA DE CONTENIDO
Información miscelánea v. 2 :
Título Un planeta vivo--
-- Animales y plantas --
505 #0 - NOTA DE CONTENIDO
Información miscelánea v. 3 :
Título Nuestro entorno--
-- Prehistoria y culturas antiguas --
505 #0 - NOTA DE CONTENIDO
Información miscelánea v. 4 :
Título De la edad media a nuestros días --
-- Ciencia y tecnología.
650 #4 - ENCABEZAMIENTO DE MATERIA--TEMÁTICO
Término temático o nombre geográfico como elemento de entrada Enciclopedia y diccionarios para niños
650 #4 - ENCABEZAMIENTO DE MATERIA--TEMÁTICO
Término temático o nombre geográfico como elemento de entrada Libros ilustrados infantiles
700 1# - ASIENTO SECUNDARIO -- NOMBRE PERSONAL
Nombre personal Gispert, Carlos de
Mención de responsabilidad Dirección
700 1# - ASIENTO SECUNDARIO -- NOMBRE PERSONAL
Nombre personal Arregui Sierra, María Ángeles
700 1# - ASIENTO SECUNDARIO -- NOMBRE PERSONAL
Nombre personal Biosca Curell, Anna
700 1# - ASIENTO SECUNDARIO -- NOMBRE PERSONAL
Nombre personal Gombau Arnau, Alexandre
700 1# - ASIENTO SECUNDARIO -- NOMBRE PERSONAL
Nombre personal Ortoll Grifols, Carme
700 1# - ASIENTO SECUNDARIO -- NOMBRE PERSONAL
Nombre personal Vives Colom, Núria
700 1# - ASIENTO SECUNDARIO -- NOMBRE PERSONAL
Nombre personal Pla, Silvia
Mención de responsabilidad Ilustraciones
700 1# - ASIENTO SECUNDARIO -- NOMBRE PERSONAL
Nombre personal Nieto, Montserrat
Mención de responsabilidad Ilustraciones
710 2# - ASIENTO SECUNDARIO -- NOMBRE CORPORATIVO
Nombre corporativo o de jurisdicción Disney
910 ## - VALIDACIÓN
Validación VMateo V. Control de calidad. BPMSU
942 ## - ADDED ENTRY ELEMENTS (KOHA)
Source of classification or shelving scheme Dewey Decimal Classification
Koha item type Libros
Existencias
Withdrawn status Lost status Source of classification or shelving scheme Damaged status Not for loan Collection code Home library Current library Date acquired Source of acquisition Total Checkouts Full call number Barcode Date last seen Copy number Price effective from Koha item type Cost, normal purchase price
    Dewey Decimal Classification     Colección Infantil General Biblioteca Pública Metropolitana Salomé Ureña Biblioteca Pública Metropolitana Salomé Ureña 09/29/2015 Compra   BPMSU CGRI R036.1 M618p 2011 BPMSU15090186 09/29/2015 v. 1 09/29/2015 Libros  
    Dewey Decimal Classification     Colección Infantil General Biblioteca Pública Metropolitana Salomé Ureña Biblioteca Pública Metropolitana Salomé Ureña 09/29/2015 Compra   BPMSU CGRI R036.1 M618p 2011 BPMSU15090189 09/29/2015 v.1, e.2 09/29/2015 Libros 450.00
    Dewey Decimal Classification     Colección Infantil General Biblioteca Pública Metropolitana Salomé Ureña Biblioteca Pública Metropolitana Salomé Ureña 09/29/2015 Compra   BPMSU CGRI R036.1 M618p 2011 BPMSU15090190 09/29/2015 v.2 09/29/2015 Libros 450.00
    Dewey Decimal Classification     Colección Infantil General Biblioteca Pública Metropolitana Salomé Ureña Biblioteca Pública Metropolitana Salomé Ureña 09/29/2015 Compra   BPMSU CGRI R036.1 M618p 2011 BPMSU15090191 09/29/2015 v.2, e.2 09/29/2015 Libros 450.00
    Dewey Decimal Classification     Colección Infantil General Biblioteca Pública Metropolitana Salomé Ureña Biblioteca Pública Metropolitana Salomé Ureña 09/29/2015 Compra   BPMSU CGRI R036.1 M618p 2011 BPMSU15090192 09/29/2015 v.3 09/29/2015 Libros  
    Dewey Decimal Classification     Colección Infantil General Biblioteca Pública Metropolitana Salomé Ureña Biblioteca Pública Metropolitana Salomé Ureña 09/29/2015 Compra   BPMSU CGRI R036.1 M618p 2011 BPMSU15090193 09/29/2015 v.3, e.2 09/29/2015 Libros 450.00
    Dewey Decimal Classification     Colección Infantil General Biblioteca Pública Metropolitana Salomé Ureña Biblioteca Pública Metropolitana Salomé Ureña 09/29/2015 Compra   BPMSU CGRI R036.1 M618p 2011 BPMSU15090194 09/29/2015 v.4 09/29/2015 Libros  
    Dewey Decimal Classification     Colección Infantil General Biblioteca Pública Metropolitana Salomé Ureña Biblioteca Pública Metropolitana Salomé Ureña 09/29/2015 Compra   BPMSU CGRI R036.1 M618p 2011 BPMSU15090195 09/29/2015 v.4, e.2 09/29/2015 Libros 450.00